000 00482cam a2200193ua 4500
001 2800
005 20260515113557.0
008 110908n ii |||gr||||Z||||||asm
040 _cMAIN
082 _a891.4512
100 1 _aBarua, Satya Prasad,
_eAuthor.
245 1 1 _aNaayika naatyakar
_cby Satya Prasad Barua
250 _a7th.
260 _aGuahati:
_bLawyers book stall,996.
300 _a44p:
_c23cm.
653 _aAssamese drama
653 _aNaayika naatyakar
942 _cBK
999 _c2647
_d2647